Loading...
| Philosophy | 0 | 6 | 1 | 1 | 55 | 71 | 106.00 | 1 | 6 |
| Religion | 0 | 5 | 0 | 2 | 50 | 56 | 100.60 | 1 | 3 |
| Fine Arts - Visual Fine Arts | 0 | 5 | 1 | 1 | 45 | 87 | 116.20 | 1 | 2 |
| Literature - European Literature | 0 | 4 | 0 | 1 | 40 | 113 | 131.00 | 0 | 2 |
| History - Other History | 0 | 4 | 1 | 2 | 35 | 69 | 89.50 | 0 | 2 |
| Social Science | 0 | 3 | 0 | 0 | 30 | 97 | 108.67 | 0 | 1 |
| History - European History | 0 | 3 | 0 | 0 | 30 | 118 | 119.67 | 0 | 2 |
| Literature - American Literature | 0 | 3 | 0 | 1 | 30 | 83 | 122.33 | 1 | 3 |
| Fine Arts - Classical Music | 0 | 3 | 1 | 0 | 25 | 93 | 122.33 | 0 | 3 |
| History - American History | 0 | 3 | 1 | 0 | 25 | 50 | 65.00 | 2 | 3 |
| History - World History | 0 | 3 | 1 | 0 | 25 | 81 | 96.00 | 0 | 2 |
| Other Academic | 0 | 2 | 0 | 0 | 20 | 95 | 99.00 | 0 | 1 |
| Literature - British Literature | 0 | 2 | 0 | 0 | 20 | 115 | 121.50 | 0 | 1 |
| Geography/Current Events | 0 | 2 | 0 | 0 | 20 | 48 | 79.50 | 0 | 0 |
| Fine Arts - Other Fine Arts | 0 | 2 | 1 | 0 | 15 | 128 | 131.50 | 0 | 2 |
| Science - Physics | 0 | 1 | 0 | 1 | 10 | 125 | 125.00 | 0 | 1 |
| Mythology | 0 | 1 | 0 | 0 | 10 | 96 | 96.00 | 0 | 1 |
| Science - Biology | 0 | 1 | 0 | 0 | 10 | 126 | 126.00 | 0 | 0 |
| Science - Chemistry | 0 | 0 | 0 | 0 | 0 | 0.00 | 0 | 0 | |
| Literature - World/Other Literature | 0 | 0 | 0 | 0 | 0 | 0.00 | 0 | 0 |